[Event "George Trundle NZ Masters 2017"]
[Site "Auckland, NZL"]
[Date "2017.10.04"]
[Round "5.1"]
[White "Croad, Nicholas"]
[Black "Johansen, Darryl K"]
[Result "1/2-1/2"]
[BlackElo "2380"]
[WhiteElo "2247"]
[LiveChessVersion "1.4.8"]

1. e4 {[%clk 1:30:15]} c5 {[%clk 1:30:28]} 2. Nf3 {[%clk 1:30:40]} e6
{[%clk 1:29:58]} 3. d4 {[%clk 1:31:05]} cxd4 {[%clk 1:30:22]} 4. Nxd4
{[%clk 1:31:32]} Nc6 {[%clk 1:30:41]} 5. Nc3 {[%clk 1:31:45]} d6 {[%clk 1:30:55]}
6. Be3 {[%clk 1:31:49]} Nf6 {[%clk 1:30:42]} 7. Be2 {[%clk 1:32:05]} Be7
{[%clk 1:29:14]} 8. O-O {[%clk 1:32:22]} O-O {[%clk 1:26:48]} 9. Qe1
{[%clk 1:25:43]} Nxd4 {[%clk 1:19:03]} 10. Bxd4 {[%clk 1:26:07]} Bd7
{[%clk 1:19:26]} 11. Kh1 {[%clk 1:23:43]} Bc6 {[%clk 1:19:42]} 12. f3
{[%clk 1:08:26]} Qc7 {[%clk 1:11:24]} 13. Rd1 {[%clk 1:07:31]} a6
{[%clk 1:10:13]} 14. Bd3 {[%clk 1:00:29]} b5 {[%clk 1:07:06]} 15. a3
{[%clk 1:00:38]} Qb7 {[%clk 1:06:35]} 16. f4 {[%clk 0:55:14]} a5 {[%clk 1:04:50]}
17. b4 {[%clk 0:46:07]} axb4 {[%clk 1:02:51]} 18. axb4 {[%clk 0:46:32]} g6
{[%clk 0:41:11]} 19. Rf3 {[%clk 0:40:09]} e5 {[%clk 0:38:45]} 20. fxe5
{[%clk 0:38:46]} dxe5 {[%clk 0:39:09]} 21. Bxe5 {[%clk 0:38:37]} Ng4
{[%clk 0:39:17]} 22. Bd4 {[%clk 0:28:58]} Qc7 {[%clk 0:28:13]} 23. Qg3
{[%clk 0:29:19]} Qxg3 {[%clk 0:27:55]} 24. Rxg3 {[%clk 0:29:27]} h5
{[%clk 0:28:17]} 25. Nd5 {[%clk 0:20:55]} Bd6 {[%clk 0:26:08]} 26. Rxg4
{[%clk 0:20:44]} Bxd5 {[%clk 0:26:32]} 27. Rg5 {[%clk 0:20:40]} Bc6
{[%clk 0:25:06]} 28. Bc5 {[%clk 0:14:42]} Bf4 {[%clk 0:25:18]} 29. Bxf8
{[%clk 0:15:08]} Bxg5 {[%clk 0:25:20]} 30. Bd6 {[%clk 0:14:56]} Re8
{[%clk 0:21:37]} 31. Re1 {[%clk 0:13:44]} h4 {[%clk 0:21:06]} 32. h3
{[%clk 0:13:45]} Bd2 {[%clk 0:11:28]} 33. Re2 {[%clk 0:11:19]} Bc3
{[%clk 0:11:50]} 34. e5 {[%clk 0:10:59]} Ra8 {[%clk 0:11:41]} 35. e6
{[%clk 0:06:10]} Ra1+ {[%clk 0:09:10]} 36. Kh2 {[%clk 0:06:36]} Bd4
{[%clk 0:07:56]} 37. Bc5 {[%clk 0:07:01]} Bxc5 {[%clk 0:08:18]} 38. bxc5
{[%clk 0:07:26]} f5 {[%clk 0:08:26]} 39. Rf2 {[%clk 0:05:41]} Kf8
{[%clk 0:04:20]} 40. Rf4 {[%clk 0:33:19]} Ra4 {[%clk 0:34:04]} 41. Rf1
{[%clk 0:30:37]} Ke7 {[%clk 0:32:25]} 42. Re1 {[%clk 0:29:08]} Rd4
{[%clk 0:25:54]} 43. g3 {[%clk 0:22:06]} Be4 {[%clk 0:19:40]} 44. Bxb5
{[%clk 0:21:21]} g5 {[%clk 0:18:04]} 45. gxh4 {[%clk 0:16:49]} gxh4
{[%clk 0:18:32]} 46. Bd3 {[%clk 0:12:08]} 1/2-1/2

[Event "George Trundle NZ Masters 2017"]
[Site "Auckland, NZL"]
[Date "2017.10.04"]
[Round "5.2"]
[White "Smith, Robert W"]
[Black "Chan, Peng Kong"]
[Result "0-1"]
[BlackElo "2170"]
[WhiteElo "2230"]
[LiveChessVersion "1.4.8"]

1. e4 {[%clk 1:30:58]} c5 {[%clk 1:30:30]} 2. Nf3 {[%clk 1:31:22]} e6
{[%clk 1:30:57]} 3. d4 {[%clk 1:31:48]} cxd4 {[%clk 1:31:23]} 4. Nxd4
{[%clk 1:32:11]} a6 {[%clk 1:31:34]} 5. Nc3 {[%clk 1:32:00]} b5 {[%clk 1:31:41]}
6. Bd3 {[%clk 1:31:59]} Qb6 {[%clk 1:31:54]} 7. Nf3 {[%clk 1:29:19]} Bb7
{[%clk 1:29:19]} 8. O-O {[%clk 1:27:06]} d6 {[%clk 1:25:11]} 9. a4
{[%clk 1:12:24]} b4 {[%clk 1:25:17]} 10. a5 {[%clk 1:12:48]} Qc7 {[%clk 1:25:27]}
11. Na4 {[%clk 1:12:14]} Nd7 {[%clk 1:25:41]} 12. Be3 {[%clk 1:12:04]} Ngf6
{[%clk 1:25:33]} 13. Bb6 {[%clk 1:08:01]} Qb8 {[%clk 1:25:17]} 14. Re1
{[%clk 1:07:46]} Be7 {[%clk 1:25:37]} 15. Qd2 {[%clk 1:06:04]} d5
{[%clk 1:16:15]} 16. e5 {[%clk 1:04:35]} Ne4 {[%clk 1:12:39]} 17. Qe2
{[%clk 1:00:03]} h6 {[%clk 1:03:18]} 18. Bd4 {[%clk 0:57:33]} Nec5
{[%clk 0:53:39]} 19. Nxc5 {[%clk 0:54:48]} Nxc5 {[%clk 0:52:48]} 20. Bb5+
{[%clk 0:51:32]} Kf8 {[%clk 0:51:00]} 21. Bd3 {[%clk 0:50:36]} Qc7
{[%clk 0:49:09]} 22. Nd2 {[%clk 0:47:57]} g6 {[%clk 0:48:52]} 23. Nb3
{[%clk 0:47:23]} Kg7 {[%clk 0:47:29]} 24. Nxc5 {[%clk 0:41:41]} Bxc5
{[%clk 0:47:53]} 25. Qe3 {[%clk 0:42:06]} Rhc8 {[%clk 0:46:29]} 26. h4
{[%clk 0:36:56]} h5 {[%clk 0:43:12]} 27. Bxc5 {[%clk 0:33:36]} Qxc5
{[%clk 0:43:28]} 28. Qf4 {[%clk 0:34:02]} Qe7 {[%clk 0:36:45]} 29. Ra4
{[%clk 0:31:34]} b3 {[%clk 0:34:43]} 30. cxb3 {[%clk 0:30:54]} Bc6
{[%clk 0:34:09]} 31. Rb4 {[%clk 0:25:27]} Rcb8 {[%clk 0:32:39]} 32. Rxb8
{[%clk 0:22:47]} Rxb8 {[%clk 0:33:07]} 33. Rc1 {[%clk 0:21:16]} Bb5
{[%clk 0:32:54]} 34. Bb1 {[%clk 0:21:23]} Be2 {[%clk 0:29:38]} 35. Re1
{[%clk 0:21:07]} Bb5 {[%clk 0:29:57]} 36. g3 {[%clk 0:14:24]} Rc8
{[%clk 0:30:04]} 37. Rc1 {[%clk 0:14:44]} Rxc1+ {[%clk 0:28:09]} 38. Qxc1
{[%clk 0:15:13]} Qb4 {[%clk 0:28:34]} 39. Qc3 {[%clk 0:15:15]} Qg4
{[%clk 0:29:03]} 40. Qc1 {[%clk 0:37:52]} Qd4 {[%clk 0:45:43]} 41. Qe1
{[%clk 0:32:14]} Qxb2 {[%clk 0:45:51]} 42. b4 {[%clk 0:32:41]} Qa1
{[%clk 0:43:55]} 43. Kh2 {[%clk 0:28:32]} Bd3 {[%clk 0:41:41]} 44. b5
{[%clk 0:28:59]} Bxb5 {[%clk 0:38:56]} 45. Qb4 {[%clk 0:25:04]} Qxe5
{[%clk 0:38:59]} 46. Qd2 {[%clk 0:25:30]} Qa1 {[%clk 0:38:45]} 47. Qa2
{[%clk 0:25:55]} Qc3 {[%clk 0:33:06]} 48. Bc2 {[%clk 0:25:44]} d4
{[%clk 0:32:21]} 0-1

[Event "George Trundle NZ Masters 2017"]
[Site "Auckland, NZL"]
[Date "2017.10.04"]
[Round "5.3"]
[White "Lukey, Stephen G"]
[Black "Hague, Ben"]
[Result "1-0"]
[BlackElo "2365"]
[WhiteElo "2188"]
[LiveChessVersion "1.4.8"]

1. d4 {[%clk 1:30:58]} Nf6 {[%clk 1:30:50]} 2. c4 {[%clk 1:31:25]} e6
{[%clk 1:31:16]} 3. Nf3 {[%clk 1:31:52]} d5 {[%clk 1:31:27]} 4. Nc3
{[%clk 1:32:13]} Be7 {[%clk 1:31:43]} 5. Bf4 {[%clk 1:32:30]} O-O
{[%clk 1:31:50]} 6. e3 {[%clk 1:32:54]} b6 {[%clk 1:31:29]} 7. Bd3
{[%clk 1:25:14]} dxc4 {[%clk 1:28:50]} 8. Bxc4 {[%clk 1:25:39]} Bb7
{[%clk 1:27:26]} 9. h3 {[%clk 1:17:14]} c5 {[%clk 1:21:50]} 10. O-O
{[%clk 1:15:42]} Nc6 {[%clk 1:18:08]} 11. a3 {[%clk 1:02:38]} cxd4
{[%clk 1:15:18]} 12. exd4 {[%clk 1:02:45]} Rc8 {[%clk 1:13:16]} 13. Ba2
{[%clk 1:01:25]} Na5 {[%clk 1:06:48]} 14. Ne5 {[%clk 0:40:14]} Nd5
{[%clk 0:44:31]} 15. Bd2 {[%clk 0:27:01]} Nxc3 {[%clk 0:42:17]} 16. Bxc3
{[%clk 0:25:23]} Bd5 {[%clk 0:34:00]} 17. Bxa5 {[%clk 0:23:48]} bxa5
{[%clk 0:31:24]} 18. Bb1 {[%clk 0:23:53]} Bd6 {[%clk 0:28:46]} 19. Qh5
{[%clk 0:21:32]} g6 {[%clk 0:27:40]} 20. Qh6 {[%clk 0:21:30]} Rc7
{[%clk 0:26:01]} 21. Re1 {[%clk 0:20:23]} Qf6 {[%clk 0:24:48]} 22. Bd3
{[%clk 0:20:01]} Rb8 {[%clk 0:23:57]} 23. Qd2 {[%clk 0:19:55]} Qh4
{[%clk 0:22:55]} 24. Bf1 {[%clk 0:15:27]} Rbc8 {[%clk 0:21:47]} 25. Qe3
{[%clk 0:06:24]} Rc2 {[%clk 0:19:12]} 26. Rab1 {[%clk 0:06:08]} Rb8
{[%clk 0:17:28]} 27. Rec1 {[%clk 0:04:43]} Rcxb2 {[%clk 0:16:00]} 28. Rxb2
{[%clk 0:05:08]} Rxb2 {[%clk 0:16:24]} 29. Rc8+ {[%clk 0:05:09]} Kg7
{[%clk 0:16:46]} 30. g3 {[%clk 0:03:45]} Qe4 {[%clk 0:16:37]} 31. Qxe4
{[%clk 0:04:11]} Bxe4 {[%clk 0:16:59]} 32. Nc4 {[%clk 0:04:01]} Rb1
{[%clk 0:12:38]} 33. Nxd6 {[%clk 0:03:12]} Bd3 {[%clk 0:12:56]} 34. Rc7
{[%clk 0:03:35]} Rxf1+ {[%clk 0:13:20]} 35. Kg2 {[%clk 0:03:57]} Ra1
{[%clk 0:13:36]} 36. Rxf7+ {[%clk 0:03:45]} Kg8 {[%clk 0:13:55]} 37. Rxa7
{[%clk 0:03:06]} Rxa3 {[%clk 0:14:18]} 38. Kf3 {[%clk 0:02:36]} Bc4+
{[%clk 0:07:45]} 39. Kg4 {[%clk 0:01:07]} Bd5 {[%clk 0:07:57]} 40. f4
{[%clk 0:30:43]} h6 {[%clk 0:37:35]} 41. Nf7 {[%clk 0:30:27]} h5+
{[%clk 0:36:52]} 42. Kh4 {[%clk 0:23:52]} a4 {[%clk 0:32:27]} 43. Ne5
{[%clk 0:23:21]} Kf8 {[%clk 0:32:44]} 44. Nxg6+ {[%clk 0:22:46]} Ke8
{[%clk 0:33:09]} 45. Ne5 {[%clk 0:22:00]} Ra1 {[%clk 0:33:08]} 46. Nd3
{[%clk 0:11:55]} a3 {[%clk 0:29:03]} 47. Nb4 {[%clk 0:12:19]} Bc4
{[%clk 0:29:14]} 48. Nc2 {[%clk 0:12:20]} Rh1 {[%clk 0:29:00]} 49. Rxa3
{[%clk 0:11:40]} Bf1 {[%clk 0:29:24]} 50. Kxh5 {[%clk 0:10:41]} Bxh3
{[%clk 0:29:43]} 51. Kg5 {[%clk 0:10:51]} Rh2 {[%clk 0:29:10]} 52. Ne3
{[%clk 0:09:28]} Rd2 {[%clk 0:28:37]} 53. Kh4 {[%clk 0:08:56]} Bf5
{[%clk 0:29:03]} 54. Nxf5 {[%clk 0:09:08]} exf5 {[%clk 0:29:29]} 55. Ra5
{[%clk 0:08:16]} Rxd4 {[%clk 0:29:43]} 56. Rxf5 {[%clk 0:08:41]} Ke7
{[%clk 0:30:05]} 57. Kg5 {[%clk 0:09:00]} Ke6 {[%clk 0:30:14]} 58. g4
{[%clk 0:09:05]} Rd8 {[%clk 0:30:35]} 59. Rf6+ {[%clk 0:09:17]} Ke7
{[%clk 0:30:59]} 60. f5 {[%clk 0:09:11]} Rd4 {[%clk 0:31:22]} 61. Rh6
{[%clk 0:09:32]} Kf7 {[%clk 0:31:42]} 62. Rh7+ {[%clk 0:09:13]} Kg8
{[%clk 0:32:08]} 63. Ra7 {[%clk 0:09:37]} Rb4 {[%clk 0:32:10]} 64. f6
{[%clk 0:09:47]} Rc4 {[%clk 0:32:36]} 65. Kf5 {[%clk 0:10:05]} Rb4
{[%clk 0:32:52]} 66. g5 {[%clk 0:09:29]} Rb1 {[%clk 0:33:08]} 67. Ra8+ Kf7 68.
g6# 1-0

[Event "George Trundle NZ Masters 2017"]
[Site "Auckland, NZL"]
[Date "2017.10.04"]
[Round "5.4"]
[White "Reilly, Tim"]
[Black "Gong, Daniel Hanwen"]
[Result "0-1"]
[BlackElo "2252"]
[WhiteElo "2153"]
[LiveChessVersion "1.4.8"]

1. d4 {[%clk 1:30:59]} Nf6 {[%clk 1:30:56]} 2. c4 {[%clk 1:31:23]} g6
{[%clk 1:31:23]} 3. Nc3 {[%clk 1:31:48]} Bg7 {[%clk 1:31:50]} 4. e4
{[%clk 1:32:12]} d6 {[%clk 1:32:17]} 5. f3 {[%clk 1:32:38]} O-O {[%clk 1:32:43]}
6. Be3 {[%clk 1:33:03]} c5 {[%clk 1:33:09]} 7. Nge2 {[%clk 1:33:06]} Nc6
{[%clk 1:33:31]} 8. d5 {[%clk 1:33:22]} Ne5 {[%clk 1:33:54]} 9. Ng3
{[%clk 1:33:41]} h5 {[%clk 1:34:17]} 10. Be2 {[%clk 1:33:32]} h4 {[%clk 1:34:37]}
11. Nf1 {[%clk 1:33:51]} e6 {[%clk 1:35:02]} 12. Nd2 {[%clk 1:32:22]} exd5
{[%clk 1:35:11]} 13. cxd5 {[%clk 1:32:36]} a6 {[%clk 1:35:35]} 14. a4
{[%clk 1:26:35]} h3 {[%clk 1:34:37]} 15. g4 {[%clk 1:23:21]} Bxg4
{[%clk 1:34:07]} 16. fxg4 {[%clk 1:21:51]} Nfxg4 {[%clk 1:34:19]} 17. Bf4
{[%clk 1:17:32]} Bh6 {[%clk 1:33:57]} 18. Bxg4 {[%clk 1:06:13]} Bxf4
{[%clk 1:32:16]} 19. O-O {[%clk 1:05:14]} Be3+ {[%clk 1:27:51]} 20. Kh1
{[%clk 1:02:36]} Nxg4 {[%clk 1:27:44]} 21. Qxg4 {[%clk 1:01:50]} Bxd2
{[%clk 1:28:10]} 22. Rf3 {[%clk 0:56:53]} Qg5 {[%clk 1:26:51]} 23. Qxh3
{[%clk 0:55:17]} Bxc3 {[%clk 1:24:57]} 24. bxc3 {[%clk 0:54:22]} Qe5
{[%clk 1:24:00]} 25. Re1 {[%clk 0:52:04]} b5 {[%clk 1:21:50]} 26. a5
{[%clk 0:47:58]} b4 {[%clk 1:19:34]} 27. cxb4 {[%clk 0:46:47]} cxb4
{[%clk 1:19:55]} 28. Qh4 {[%clk 0:44:31]} Rac8 {[%clk 1:04:38]} 29. Rh3
{[%clk 0:40:36]} Qg7 {[%clk 1:04:50]} 30. e5 {[%clk 0:40:04]} dxe5
{[%clk 1:04:47]} 31. Qxb4 {[%clk 0:40:25]} Rfd8 {[%clk 1:03:58]} 32. d6
{[%clk 0:32:24]} Qf6 {[%clk 1:02:39]} 33. Rd1 {[%clk 0:28:17]} Rc6
{[%clk 1:01:18]} 34. d7 {[%clk 0:27:26]} Rc7 {[%clk 1:00:43]} 35. Qd6
{[%clk 0:18:14]} Rdxd7 {[%clk 0:54:56]} 36. Qxf6 {[%clk 0:17:22]} Rxd1+
{[%clk 0:55:23]} 37. Kg2 {[%clk 0:17:42]} Rc2+ {[%clk 0:55:50]} 38. Kg3
{[%clk 0:12:53]} Rg1+ {[%clk 0:56:16]} 0-1

[Event "George Trundle NZ Masters 2017"]
[Site "Auckland, NZL"]
[Date "2017.10.04"]
[Round "5.5"]
[White "Van Riemsdijk, Herman C."]
[Black "Ang, Alphaeus Wei Ern"]
[Result "1-0"]
[BlackElo "2228"]
[WhiteElo "2306"]
[LiveChessVersion "1.4.8"]

1. e4 {[%clk 1:30:55]} d5 {[%clk 1:30:45]} 2. exd5 {[%clk 1:31:16]} Qxd5
{[%clk 1:31:08]} 3. Nc3 {[%clk 1:31:30]} Qd6 {[%clk 1:31:31]} 4. d4
{[%clk 1:31:50]} Nf6 {[%clk 1:31:52]} 5. Nf3 {[%clk 1:32:14]} g6 {[%clk 1:29:59]}
6. Be2 {[%clk 1:23:34]} Bg7 {[%clk 1:29:30]} 7. O-O {[%clk 1:23:40]} O-O
{[%clk 1:29:33]} 8. Bg5 {[%clk 1:23:27]} c6 {[%clk 1:21:31]} 9. Qd2
{[%clk 1:22:37]} Re8 {[%clk 1:19:47]} 10. Rad1 {[%clk 1:19:47]} Qb4
{[%clk 0:53:39]} 11. Qc1 {[%clk 1:18:02]} e6 {[%clk 0:49:41]} 12. a3
{[%clk 1:16:48]} Qf8 {[%clk 0:46:09]} 13. Rfe1 {[%clk 1:13:18]} Nbd7
{[%clk 0:44:56]} 14. Bf1 {[%clk 1:09:23]} b6 {[%clk 0:35:11]} 15. Ne5
{[%clk 1:07:55]} Bb7 {[%clk 0:29:13]} 16. Nc4 {[%clk 1:08:02]} Ba6
{[%clk 0:26:06]} 17. Na2 {[%clk 1:01:48]} Nd5 {[%clk 0:19:03]} 18. Ne5
{[%clk 0:58:08]} Bxe5 {[%clk 0:09:56]} 19. Bxa6 {[%clk 0:57:24]} Bc7
{[%clk 0:08:41]} 20. c4 {[%clk 0:53:47]} N5f6 {[%clk 0:06:50]} 21. g3
{[%clk 0:51:07]} Rab8 {[%clk 0:05:41]} 22. Nb4 {[%clk 0:50:16]} c5
{[%clk 0:02:28]} 23. Nc6 {[%clk 0:50:01]} cxd4 {[%clk 0:02:40]} 24. Nxb8
{[%clk 0:50:07]} Bxb8 {[%clk 0:02:37]} 25. Rxd4 {[%clk 0:49:05]} Qc5
{[%clk 0:02:57]} 26. Red1 {[%clk 0:48:30]} h6 {[%clk 0:01:50]} 27. Be3
{[%clk 0:47:13]} Ne5 {[%clk 0:01:26]} 28. Bb7 {[%clk 0:45:35]} Neg4
{[%clk 0:00:52]} 29. Rxg4 {[%clk 0:45:33]} Qc7 {[%clk 0:01:05]} 30. Bf3
{[%clk 0:45:55]} Nxg4 {[%clk 0:01:15]} 31. Bxg4 {[%clk 0:46:18]} f5
{[%clk 0:01:20]} 32. Bf3 {[%clk 0:46:36]} g5 {[%clk 0:01:27]} 33. c5
{[%clk 0:44:23]} b5 {[%clk 0:01:36]} 34. c6 {[%clk 0:44:20]} f4 {[%clk 0:01:57]}
35. Rd7 {[%clk 0:44:25]} fxe3 {[%clk 0:01:02]} 36. Rxc7 {[%clk 0:42:46]} exf2+
{[%clk 0:01:28]} 37. Kxf2 {[%clk 0:43:08]} Bxc7 {[%clk 0:01:53]} 38. Qc2
{[%clk 0:43:18]} Kg7 {[%clk 0:02:08]} 39. Bh5 {[%clk 0:43:02]} Rf8+
{[%clk 0:02:26]} 40. Ke2 {[%clk 1:13:03]} Rf6 {[%clk 0:32:43]} 41. Qd3
{[%clk 1:13:26]} Bb6 {[%clk 0:32:37]} 42. Qd7+ {[%clk 1:13:45]} Kh8
{[%clk 0:32:37]} 43. c7 {[%clk 1:13:56]} Rf2+ {[%clk 0:32:34]} 44. Ke1
{[%clk 1:14:04]} Rxb2 {[%clk 0:31:57]} 45. c8=Q+ {[%clk 1:14:20]} Bd8
{[%clk 0:32:19]} 46. Qcxd8# {[%clk 1:14:37]} 1-0